000 00525nam a2200181Ia 4500
005 20250923144359.0
008 008 250917s9999 xx 000 0 eng d
037 _aTextual
040 _aDSWL
_beng
_cDSWL
041 _aeng
_2eng
084 _aX91:42:N4, H9
_qDSWL
100 _aChaman, Lal
_9824306
245 0 _aCottage industries and agriculture
_cby Lal Chaman
260 _aBombay
_bNew Book Co
_c1949
300 _a250 p.
942 _cTEXL
_hX91:42:N4, H9
999 _c1438124
_d1438124